| 000 | 00956nam a22003257a 4500 | ||
|---|---|---|---|
| 003 | CHAP | ||
| 005 | 20220329135040.0 | ||
| 008 | 971013s1978 r 00010 d | ||
| 010 | _a30123 | ||
| 011 | _a31095 | ||
| 035 | _a35207 | ||
| 040 | _cCHAP | ||
| 082 |
_a330 _bL5 1978 |
||
| 100 | 0 | 0 |
_aLipsey, Richard G. _967040 |
| 245 | _aEconomics | ||
| 250 | _a5 ed. | ||
| 260 |
_aNew York : _bHarper & Row, _c1978 |
||
| 300 |
_a927 p. _b: gráfs. |
||
| 490 | _aHarper International edition | ||
| 590 |
_aBATCH-UPD _b10 _c20130110 _lUCH01 _h1838 |
||
| 590 |
_aBATCH-UPD _b10 _c20130410 _lUCH01 _h1209 |
||
| 590 |
_aBATCH-UPD _b10 _c20130914 _lUCH01 _h1230 |
||
| 590 |
_aCONVERSION _b10 _c20130109 _lUCH01 _h1317 |
||
| 650 | 1 | 4 |
_aEconomía. _935226 |
| 700 | 0 |
_aSteiner, Peter O. _9109620 |
|
| 830 | 0 |
_aHarper International edition _952799 |
|
| 901 | _aBK | ||
| 942 | _cLIBRO | ||
| 949 |
_a330 L5 1978 _bBC _cLIBRO _d33724002204116 _eLIBRO _h45023 _i35207 _si _t411.00 |
||
| 999 |
_c30123 _d30123 |
||